Statystyki dla 5-literowe nazwy pierwiastków chemicznych

Kliknij tutaj aby rozwiązać quiz!

Ogólne statystyki

  • Ten quiz został rozwiązany 192 razy
  • Średni wynik to 12 z 29

Statystyki odpowiedzi

Pierwiastek% Poprawnych
Wodór
77%
Złoto
74%
Potas
68%
Fluor
67%
Argon
60%
Beryl
60%
Krzem
60%
Chlor
58%
Miedź
58%
Polon
58%
Arsen
51%
Chrom
47%
Wanad
41%
Selen
40%
Europ
38%
Tytan
38%
Radon
37%
Frans
34%
Aktyn
33%
Astat
33%
Rubid
31%
Skand
31%
Lutet
28%
Nobel
28%
Iterb
26%
Ruten
22%
Samar
17%
Nihon
15%
Tenes
14%

Rozkład punktacji

Percentyl według liczby udzielonych odpowiedzi

Procent ludzi z każdym wynikiem

Twoja historia wyników

Nie rozwiązałeś tego quizu